000
00267nam a22001217a 4500
008
180206b xxu||||| |||| 00| 0 eng d
041
_a
eng
080
_a
32
100
_a
22
101
_a
POL
245
_a
LANGGING PRODUCTIVITY GROWTH
_c
MAITAL,S
942
_2
udc
_c
BK
999
_c
41948
_d
41948